| 000 | 00868nac a22002051u 4500 | ||
|---|---|---|---|
| 008 | 101005s1972 xxu||||| |||| 00| 0 ara d | ||
| 082 | _a297.12203 | ||
| 110 |
_aMogama Al Logha Al Arabeya _920071 |
||
| 245 |
_aمعجم ألفاظ القرآن الكريم : ( vol. 1) _cMogama Al Logha Al Arabeya _n1 |
||
| 260 |
_aالقاهرة : _bالهيئة المصرية العامة للكتاب ، _c1972. |
||
| 300 | 3 |
_c30 سم. _a392 ص ؛ |
|
| 490 |
_920070 _aالتراث للجميع _n5 |
||
| 500 | _aDonations | ||
| 500 | _aDonations - Bibliotheca Alexandrina | ||
| 511 | _aCatalogued by: Sara | ||
| 650 |
_aالقرآن _98721 _vمعاجم |
||
| 650 |
_aالقرآن _914883 _xألفاظ |
||
| 942 |
_cBB _k297.12203 _2ddc |
||
| 999 |
_c6642 _d6642 |
||